| 000 | 00550nam a2200193 a 4500 | ||
|---|---|---|---|
| 003 | OSt | ||
| 005 | 20140310183526.0 | ||
| 008 | 111001s19uu xx 00 eng d | ||
| 020 | _a0538832576 | ||
| 050 |
_aHF 5686.C8 _b.C37 1995 |
||
| 100 | _aCarter, William | ||
| 245 |
_aPrintwrite Inc. : _bjob order cost accounting practeice case / _cWilliam Carter. |
||
| 260 |
_aOhio : _bSouth-Western Publishing Co., _c1995. |
||
| 300 |
_a78 p. : _bill. ; _c26 cm. |
||
| 521 | _aBSA | ||
| 650 | _aCost accounting | ||
| 942 |
_cBK _2lcc _kFOR |
||
| 999 |
_c24510 _d24510 |
||